Нормален изглед
MARC изглед
- Крайтън, Майкъл
Вход 01. Лично име
001 - Контролен номер на записа
- Контролно поле: 241669
003 - Код на организацията, даваща контролен номер
- Контролно поле: BLK
005 - Дата и час на последна промяна на записа
- Контролно поле: 20240705094710.0
008 - Данни с фиксирана дължина – обща информация
- Данни с фиксирана дължина : 180420|| aca||aabn | a|a d
100 ## - ИМЕ НА ЛИЦЕ -ПЪРВИЧНА ИНТЕЛЕКТУАЛНА ОТГОВОРНОСТ
- Лично име: Крайтън, Майкъл
- Дати, свързани с автора: 1942 - 2008
372 ## - Сфера на дейност
- Сфера на дейност: Американски писател. Автор на научна фантастика и трилъри. Сценарист, режисьор, продуцент. Лекар.
942 ## - Системна служебна употреба
- Koha auth type: PERSO_NAME